[Event "Azerbaijan Championship 2022"]
[Site "Nakhchivan"]
[Date "2022.02.09"]
[Round "5.12"]
[White "Babayev, Talib"]
[Black "Bayramov, Zaur"]
[Result "0-1"]
[WhiteElo "2256"]
[BlackElo "2357"]
[Annotator "TA"]
[PlyCount "115"]
[EventDate "2022.02.05"]
[EventCountry "AZE"]
[SourceTitle "playchess.com"]
[Source "ChessBase"]
[SourceQuality "1"]

{[%evp 22,115,54,43,38,35,34,18,10,10,23,17,19,27,22,18,24,0,0,0,0,0,0,-58,-53,-117,-127,-105,-82,-80,-83,-65,-62,-52,-58,-71,-33,-26,-32,-26,-24,-22,-37,-59,-34,-45,0,-27,0,0,0,0,0,0,0,0,18,0,0,0,8,8,8,8,8,8,8,8,8,8,8,8,8,8,8,0,0,0,0,-598,-591,-1237,-1137,-818,-1133,-940,0,-29961,-29957,-29955,-6107,-12794,-6169,-6107,-4930,-4610]} 1. e4 c5 2. Nf3 a6 3. c4 d6 4. d4 cxd4 5. Nxd4 Nf6 6. Nc3 g6 7. Be2 Bg7 8. Be3 O-O 9. O-O Nc6 10. f3 Nxd4 11. Bxd4 Be6 12. Qd2 Qa5 {B38: Sicilian: Maroczy Bind with 5...Bg7 and 7...0-0.} 13. a3 (13. a4 {with more complications.} Nd7 14. Bxg7 Kxg7 15. b3 Qb4 16. Qb2) 13... Rfc8 14. b4 Qd8 {The position is equal.} 15. Nd5 Bxd5 16. exd5 Nd7 17. Bxg7 Kxg7 18. f4 a5 {[#]} 19. Rab1 $146 ({Predecessor:} 19. Rae1 axb4 20. axb4 Kg8 21. Kh1 Ra3 22. Bd3 Rca8 23. Rf3 Nf6 24. h3 Ra1 25. Bb1 {½-½ (42) Stojanovic,D (2413)-Radosavljevic,S (2290) Dimitrovgrad 2003}) 19... axb4 20. axb4 Qb6+ 21. Kh1 Nf6 22. f5 (22. Rf3 $11) 22... Ra3 $1 $15 23. Bd3 (23. fxg6 $15 hxg6 24. Rbe1 (24. Qb2 Rca8 $15)) 23... Qd4 $17 24. Rbd1 Rca8 {Black is more active.} 25. fxg6 hxg6 26. Qe2 {[%cal Oe2e7]} Qe5 (26... Ra1 {is more complex.} 27. Bb1 Qe5 28. Qxe5 dxe5 29. Kg1 Ng4) 27. Qxe5 dxe5 28. Rfe1 Rb3 29. h3 Raa3 30. Bf1 e4 31. b5 Rc3 32. d6 exd6 33. Rxd6 e3 (33... Rc2 $15 {should be considered.}) 34. Kg1 g5 (34... Ne4 $5 {[%cal Re4d6]} 35. Rd7 b6 $15) 35. Be2 Ne4 36. Rd7 Ng3 {[%cal Oc3c1] Inhibits Bh5.} 37. Bf3 {And now Kh2 would win.} Rxc4 38. Rxb7 Rca4 {Strongly threatening ...Ra1.} 39. Re7 Nf5 40. Rd7 Ra1 41. Rxa1 Rxa1+ $11 {[%mdl 4096] Endgame KRB-KRN} 42. Rd1 Ra4 43. Rb1 Nd4 $1 44. b6 Nxf3+ 45. gxf3 {aiming for b7. KR-KR} Ra8 46. Kf1 f5 $1 47. Ke2 f4 48. Kd3 Kg6 49. Kc4 Kh5 50. Rg1 $2 {[%mdl 8192] [#]} (50. b7 $11 {and White is okay.} Rb8 51. Kd3) 50... Kh4 $1 $19 {White must now prevent ...Re8.} 51. Rg4+ Kxh3 {Threatens to win with ...Rb8.} 52. Rxg5 Re8 53. b7 Kh2 $2 ({Better is} 53... Rb8 $19 54. Rg7 e2) 54. Kd3 $2 {[%mdl 8192] [#]} (54. Re5 Rb8 55. Rxe3 fxe3 $19) (54. Rb5 $11 e2 55. Rb2) 54... e2 55. b8=Q e1=N+ ({And not} 55... Rxb8 56. Kxe2 Rb2+ 57. Kf1 $11) 56. Kc4 {Black is clearly winning.} Rxb8 57. Rg4 Ng2 {( -> ...Ne3+)} 58. Kd4 {Weighted Error Value: White=0.50/Black=0.12 (very precise)} 0-1

[Event "Azerbaijan Championship 2022"]
[Site "Nakhchivan"]
[Date "2022.02.10"]
[Round "6.1"]
[White "Ibrahimli, Murad"]
[Black "Durarbayli, Vasif"]
[Result "0-1"]
[WhiteElo "2418"]
[BlackElo "2615"]
[Annotator "TA"]
[PlyCount "102"]
[EventDate "2022.02.05"]
[EventCountry "AZE"]
[SourceTitle "playchess.com"]
[Source "ChessBase"]
[SourceQuality "1"]

{[%evp 10,102,7,5,0,0,30,0,41,41,52,37,47,22,54,62,48,50,45,54,40,39,64,25,135,128,140,138,202,163,162,119,136,128,206,165,169,159,168,118,131,112,93,90,85,77,75,78,92,2,29,6,13,16,36,0,0,0,0,0,0,0,0,0,0,0,0,-14,-14,-16,-14,-338,-292,-313,-307,-285,-67,-404,-414,-372,-347,-822,-795,-759,-495,-413,-268,-978,-958,-1722,-702,-1156,-1138,-1077,-984]} 1. d4 d5 2. Nf3 Nf6 3. c4 e6 4. Bg5 dxc4 5. Qa4+ Nbd7 6. e4 c6 {D30: Queen's Gambit Declined: Systems without Nc3.} 7. Qxc4 Qb6 8. Nbd2 Qxb2 (8... e5 $11) 9. Rb1 $14 Qa3 10. Bd3 {[%mdl 1024] White has compensation.} h6 11. Bf4 Be7 12. O-O O-O 13. Qc2 Qa5 14. Nc4 Qd8 15. Rfd1 {[#]} Nh5 $146 ({Predecessor:} 15... c5 16. d5 exd5 17. exd5 Re8 18. d6 Bf8 19. Nfe5 g5 20. Bg6 Nxe5 21. Bxe5 Bg7 22. Bxf6 Bxf6 23. Bxf7+ Kxf7 {½-½ (32) Hebden,M (2510)-Lalic,B (2550) Kilkenny 1999}) 16. Bd2 (16. Be3 $5 {[%cal Re4e5]}) 16... Qc7 (16... Nhf6 $1 $11) 17. e5 $1 $36 {[%mdl 2048] White has strong initiative.} f5 18. Be2 {Strongly threatening Ne1.} b5 (18... Qd8 $16 {was worth a try.} 19. Ne1 Qe8) 19. Nd6 {Ne1 is the strong threat.} Nb6 {[#]} 20. Nxb5 $1 {[%mdl 512]} Qd7 21. Nc3 Rd8 (21... Qe8 $16 22. Rdc1 Ba3) 22. a4 {Black must now prevent h3.} Qe8 23. a5 Nd5 24. a6 (24. Nxd5 $18 cxd5 25. Ne1) 24... Nhf4 25. Bf1 Nxc3 26. Qxc3 Nd5 27. Qc4 Bd7 28. Ne1 Rdb8 29. Ba5 ({White should try} 29. Rb7 $16) 29... Rb5 30. Qa2 Rxb1 31. Rxb1 {[%cal Bd1b1,Bb1b7,Bb7a7][%mdl 32]} c5 $1 32. dxc5 Bxc5 33. Nd3 Be7 34. Qc4 Rb8 35. Rb7 Rc8 36. Qb3 Ba4 37. Qb2 Kh7 38. Rxa7 Bb5 {Hoping for ...Bxd3.} 39. g3 Qc6 40. Ne1 $2 {[%mdl 8192]} (40. h4 $11 {and White is okay.}) 40... Bxf1 $19 41. Kxf1 Qc4+ (41... Bc5 42. Rb7 $17) 42. Kg2 {[#]} Qa4 $2 (42... Bc5 43. Rb7 $15) ({Better is} 42... Qe4+ $1 $19 43. Kg1 Bd8) 43. Qd2 $2 {[%mdl 8192]} (43. Bd2 $1 $15) 43... Bg5 44. f4 Qe4+ 45. Kh3 $2 {[#]} (45. Kf2 Be7 46. Rxe7 Nxe7 47. Qd3) 45... Bxf4 $1 {[%mdl 512]} 46. gxf4 Rc4 ({Inferior is} 46... Nxf4+ 47. Kg3 Nh5+ 48. Kf2 Qxe5 49. Kf1 $17) 47. Kg3 Rd4 {Dancing on a razor blade.} ({Worse is} 47... Nxf4 48. Rxg7+ Kxg7 49. Qd7+ Kh8 50. Qe8+ Kh7 51. Qf7+ Kh8 52. Qe8+ Kh7 53. Qf7+ Kh8 54. Qe8+ $11) 48. Qf2 (48. Nf3 Rd3 49. Qxd3 (49. Qf2 $2 Nxf4 50. Qf1 Ng6 $19) 49... Qxd3 50. Bd2) 48... Nxf4 {( -> ...Nh5+). Black is clearly winning.} 49. h3 {[#]} Ra4 (49... Nxh3 $142 $1 {[%mdl 512]} 50. Rxg7+ (50. Qf3 Qh4+) 50... Kxg7 51. Qxd4 Qxd4 52. Kxh3 Qe3+ 53. Kg2 Qe2+ 54. Kg1 Qxe5) 50. Nf3 Nh5+ 51. Kg2 Rxa5 {Black used his chance.  Weighted Error Value: White=0.77/Black=0.33} 0-1

[Event "Azerbaijan Championship 2022"]
[Site "Nakhchivan"]
[Date "2022.02.10"]
[Round "6.2"]
[White "Gasimov, Parviz"]
[Black "Iskandarov, Misratdin"]
[Result "0-1"]
[WhiteElo "2379"]
[BlackElo "2566"]
[Annotator "TA"]
[PlyCount "76"]
[EventDate "2022.02.05"]
[EventCountry "AZE"]
[SourceTitle "playchess.com"]
[Source "ChessBase"]
[SourceQuality "1"]

{[%evp 9,76,26,27,20,26,3,14,0,0,-17,0,-15,0,-18,-4,-108,-95,-104,-106,-156,-157,-156,-160,-154,-150,-154,-141,-143,-141,-230,-178,-180,-180,-169,-139,-243,-243,-272,-266,-335,-346,-351,-339,-335,-343,-350,-346,-337,-318,-336,-331,-533,-520,-621,-650,-665,-588,-797,-783,-943,-957,-933,-940,-914,-904,-878,-875,-729,-712]} 1. e4 c5 2. Nf3 Nc6 3. Bb5 Nf6 4. Bxc6 dxc6 5. d3 Qc7 6. h3 {B30: Sicilian: 2...Nc6 3 Bb5, lines without ...g6.} e5 7. Be3 h6 {[#]} 8. Nbd2 $146 {The position is equal.} ({Predecessor:} 8. O-O Be6 9. b3 O-O-O 10. Qe2 g5 11. Nh2 Be7 12. g4 h5 13. f3 hxg4 14. hxg4 {1-0 (57) Genova,L (2202)-Velcheva,M (2233) Pleven 2018}) 8... Be6 9. Nh4 g6 10. O-O Nh5 {Inhibits f4.} 11. a3 Nf4 12. b4 (12. Qb1 $11 {remains equal.}) 12... cxb4 $17 13. axb4 Bxb4 14. Bxa7 ({White should play} 14. Bxf4 exf4 15. Qc1) 14... c5 $1 {And now ...0-0 would win.} 15. Bb6 Rxa1 {Black is much more active. White has bad knights.} 16. Bxc7 Rxd1 17. Rxd1 f6 {aiming for ...Kd7.} 18. Nc4 g5 19. Nf3 (19. Nf5 $17) 19... Bxc4 20. dxc4 Ke7 {Inhibits Rd8.} 21. Kf1 {[#]} Rc8 $1 22. Bb6 {[#]} (22. g3 $17 {keeps fighting.} Rxc7 23. gxf4 exf4 24. Rd5) 22... Ne6 $1 $19 23. Nh2 h5 {To avoid Ng4} 24. Kg1 Rc6 25. Ba7 Ra6 26. Bb8 Nd4 27. Nf1 Ra8 ({Inferior is} 27... Nxc2 28. Rd5 $17) 28. Bc7 Kd7 ({Weaker is} 28... Nxc2 29. Rd5 $17) 29. c3 Kxc7 30. cxb4 $2 (30. cxd4 {was the only chance.} cxd4 31. Ng3) 30... cxb4 {[%cal Bc5b4,Bb4b3][%mdl 4128] Endgame KRN-KRN. Black is clearly winning.} 31. Ne3 b3 {White must now prevent ...b2.} 32. Nd5+ Kc6 33. Rb1 Kc5 34. Nxf6 Kxc4 35. Nd5 Kd3 {Hoping for ...Kc2.} 36. Rd1+ Kc2 37. Ne3+ Kb2 {...Ra1 is the strong threat.} 38. Nc4+ Kc3 {Weighted Error Value: White=0.44/Black=0.03 (flawless)} 0-1

[Event "Azerbaijan Championship 2022"]
[Site "Nakhchivan"]
[Date "2022.02.10"]
[Round "6.3"]
[White "Suleymanli, Aydin"]
[Black "Safarli, Eltaj"]
[Result "1-0"]
[WhiteElo "2530"]
[BlackElo "2597"]
[Annotator "TA"]
[PlyCount "77"]
[EventDate "2022.02.05"]
[EventCountry "AZE"]
[SourceTitle "playchess.com"]
[Source "ChessBase"]
[SourceQuality "1"]

{[%evp 11,77,10,18,0,33,29,18,13,20,4,47,49,31,39,36,33,33,7,56,22,34,32,50,51,79,58,66,68,66,52,255,254,252,250,226,184,195,181,186,191,195,194,325,356,327,178,183,178,197,142,166,102,211,180,291,281,406,367,679,693,693,687,29989,29986,29986,29984,5497,2268]} 1. d4 {[%cal Bd2d4,Bd4d5][%mdl 32]} e6 2. c4 b6 3. a3 Bb7 4. Nc3 Nf6 5. d5 Bd6 6. Nf3 O-O 7. g3 $1 {7.g3 scores better than 7.e4. A50: Queen's Fianchetto Defence (1 d4 Nf6 2 c4 b6).} Na6 8. Bg2 Nc5 {[#]} 9. Qc2 $146 {The position is equal.} ({Predecessor:} 9. O-O a5 10. Qc2 Re8 11. Rd1 a4 12. Nd4 Qb8 13. Rb1 Be5 14. e3 h6 15. Bd2 {1-0 (46) Yuffa,D (2566)-Adhiban,B (2654) Caleta 2020}) 9... exd5 10. cxd5 {White wants to play b4.} Re8 (10... Bxd5 11. Nxd5 Nxd5 12. b4 $16 (12. Ng5 Nf6 $14)) (10... Qe8 $1 $11 {is superior.}) 11. Bg5 $14 h6 12. Bxf6 Qxf6 (12... gxf6 $2 13. b4 $18) 13. O-O a5 14. Rad1 a4 (14... Ba6 $11 {is more appropriate.}) 15. Rfe1 Ba6 16. Rd4 Qg6 17. e4 b5 {[%cal Ob5b4]} 18. Rdd1 Nb3 19. Nh4 Qf6 20. Nf5 (20. Bh3 $5 {[%cal Rh3d7]}) 20... Be5 $2 (20... Rab8 $1 $14) 21. d6 $1 $18 Bxc3 22. bxc3 {[%cal Oe4e5]} Qe5 23. Re3 {aiming for Rd5.} c6 {To avoid Rd5} 24. Ne7+ Rxe7 25. dxe7 Qxe7 26. e5 Qxa3 (26... Rd8 $142 27. Qf5 Nc5) 27. Rxd7 {Black must now prevent e6.} Nc5 {[#]} 28. Rd1 (28. Bxc6 Nxd7 29. Qd1 (29. Bxa8 Qa1+ 30. Kg2 b4 $16) 29... Rd8 $15) (28. c4 $142 $1 {[%mdl 512]} Qb4 29. Bxc6 Nxd7 30. Bxa8) 28... Qb3 29. Qc1 (29. Qxb3 axb3 30. Bxc6 Rc8) 29... Qc4 30. Bf1 ({Inferior is} 30. Bxc6 {[#]} Nb3 $1 31. Bxa8 Nxc1 32. Rxc1 Bc8 $17) (30. Rd4 $18 Nb3 31. Rxc4 Nxc1 32. Rxc6 (32. Bxc6 Rc8 $15)) 30... Qg4 31. Be2 (31. f4 $18) 31... Qf5 (31... Qc8 $16 {keeps fighting.}) 32. Qa3 $36 {[%mdl 2048] White is in control.} Ne6 (32... b4 $142 33. cxb4 (33. Qxb4 Bxe2 34. Rxe2 Qf3 $18) 33... Bxe2 34. Rxe2 Qg4) 33. Qd6 Bb7 (33... Rc8 $142 34. Qd7 a3) 34. Qe7 Rb8 (34... Ba6 35. Qd7 Rc8) 35. Rf3 Qg6 36. Rd7 {[%csl LRb7,LRf7][%cal Rf3f7]} Ba8 37. Rxf7 c5 38. Bd3 Qg4 39. h3 {Weighted Error Value: White=0.14 (very precise) /Black=0.57} 1-0

[Event "Azerbaijan Championship 2022"]
[Site "Nakhchivan"]
[Date "2022.02.10"]
[Round "6.4"]
[White "Babazada, Khazar"]
[Black "Mamedov, Nidjat"]
[Result "1/2-1/2"]
[WhiteElo "2427"]
[BlackElo "2604"]
[Annotator "TA"]
[PlyCount "86"]
[EventDate "2022.02.05"]
[EventCountry "AZE"]
[SourceTitle "playchess.com"]
[Source "ChessBase"]
[SourceQuality "1"]

{[%evp 17,86,-8,0,-16,-20,-19,0,-26,-19,-35,-25,-24,-25,-27,-9,-18,-6,-10,0,0,0,0,0,0,0,0,0,0,12,12,12,12,10,13,9,20,16,4,4,4,5,9,10,4,14,0,21,20,17,0,0,0,0,0,0,0,0,0,0,0,0,0,-1,-2,0,0,0,0,0,-8,-6]} 1. e4 e5 2. Nf3 Nc6 3. Bb5 a6 4. Ba4 Nf6 5. O-O Be7 6. Re1 b5 7. Bb3 d6 8. h3 Na5 9. d3 O-O 10. Nbd2 {C90: Closed Ruy Lopez with 7...d6: Early deviations.} Bb7 11. Nf1 Re8 12. Ng3 Bf8 13. Bd2 Nxb3 14. axb3 d5 15. Bc3 {[#]} dxe4 $146 ({Predecessor:} 15... d4 16. Bd2 c5 17. Rf1 c4 18. bxc4 bxc4 19. Ne1 Qb6 20. Kh1 cxd3 21. cxd3 Bc6 {½-½ (31) Mogranzini,R (2401)-Romanishin,O (2542) Reggio Emilia 2007}) 16. dxe4 {The position is equal.} Bd6 17. Qd2 Qd7 18. Rad1 Rad8 19. Qg5 h6 20. Qh4 {[%cal Oc3e5] [#] Black must now prevent Bxe5!} Qe6 21. Nf5 Nxe4 22. Nxd6 Rxd6 23. Rxd6 Nxd6 24. Rxe5 Qg6 {[%csl LRc2,LRf3] [#] Hoping for ...Bxf3.} 25. Rxe8+ Nxe8 26. Ne1 f6 27. Qg4 Qxg4 28. hxg4 $11 {[%mdl 4096] Endgame KBN-KBN} Be4 29. f3 Bg6 30. Bb4 c6 31. Ba5 f5 32. gxf5 Bxf5 33. Bd8 Kf7 34. Kf2 Nf6 35. Ke3 c5 36. Kd2 Nd7 37. Bh4 g5 38. Bf2 Ke6 39. Be3 Kd5 40. g4 Bg6 41. f4 Nf6 42. fxg5 hxg5 43. Nf3 Nxg4 {An even fight not without its subleties.  Weighted Error Value: White=0.04 (flawless) /Black=0.03 (flawless)} 1/2-1/2

[Event "Azerbaijan Championship 2022"]
[Site "Nakhchivan"]
[Date "2022.02.10"]
[Round "6.5"]
[White "Ahmadzada, Ahmad"]
[Black "Muradli, Mahammad"]
[Result "1/2-1/2"]
[WhiteElo "2467"]
[BlackElo "2528"]
[Annotator "TA"]
[PlyCount "85"]
[EventDate "2022.02.05"]
[EventCountry "AZE"]
[SourceTitle "playchess.com"]
[Source "ChessBase"]
[SourceQuality "1"]

{[%evp 16,85,13,0,21,0,25,12,20,8,20,14,14,0,0,0,29,25,19,22,26,17,40,0,62,27,15,21,77,64,61,56,46,0,58,68,82,66,137,142,141,157,136,112,129,75,124,0,129,92,145,148,138,139,147,106,102,35,35,33,34,33,33,0,0,0,0,0,0,0,0,0]} 1. e4 c5 2. Nf3 d6 3. Nc3 a6 4. a4 e6 5. d4 cxd4 6. Nxd4 Nf6 7. Be2 Be7 8. O-O O-O 9. Be3 e5 {B84: Sicilian Scheveningen: 6 Be2 a6, lines without early Be3.} 10. Nf3 h6 11. Bc4 Be6 12. Qe2 Nbd7 {[%cal Of6e4]} 13. Bxe6 fxe6 {[#]} 14. Qc4 $146 ({Predecessor:} 14. Rfd1 Rc8 15. Rd2 Rxc3 16. bxc3 Nxe4 17. Bxh6 Nxc3 18. Qd3 e4 19. Qxc3 Bf6 20. Qa3 exf3 21. Rad1 {½-½ (48) Fernandez Siles,L (2279)-Schut,H (2173) Chess.com INT 2018}) 14... Kf7 15. a5 Qb8 16. Qb3 Rc8 17. Nd2 Nc5 {To avoid Ra4} 18. Qa2 Ncd7 19. Qb3 Ng4 (19... Nc5 $11 20. Bxc5 Rxc5) 20. Nc4 {Black should prevent Na4.} (20. Bb6 $5) 20... Qc7 21. Ra4 Qc6 (21... Nxe3 $11 {remains equal.} 22. fxe3+ Bf6) 22. Rb4 $16 Rab8 23. Ba7 Ra8 $1 (23... Nc5 $2 24. Qa3 $16) 24. Be3 Rab8 $1 ({Much less strong is} 24... d5 25. exd5 exd5 26. Nb6 (26. Nd6+ Bxd6 27. Rxg4 Nf6 $11) 26... Bxb4 27. Ncxd5 $16) 25. Nb6 $1 Nxb6 26. Bxb6 Ra8 (26... Nf6 $14) 27. f4 $36 {[%mdl 2048] White is on the roll.} exf4 28. Rxf4+ Nf6 29. Bd4 Rab8 30. Ba7 (30. Rf1 $142) 30... Ra8 31. Bd4 ({Not} 31. Rxb7 $2 {[#]} Rxa7 $1 {[%mdl 512]} 32. Rxa7 (32. Rxf6+ $2 gxf6 33. Rxa7 Qc5+ 34. Kf1 Qxa7 $19) 32... Qc5+ 33. Kh1 Qxa7 $19) 31... Rab8 32. Kh1 b5 ({Black should play} 32... Qd7) 33. axb6 a5 34. Ra4 {Hoping for Bg1.} Bd8 {[%cal Be7d8,Bd8b6,Bb6d4][%mdl 32]} 35. Rxa5 (35. Nb5 $142) 35... Bxb6 36. Ra6 {White is much more active.} (36. Rb5 $16 {[%cal Rd4b6]} Bc7 37. h3) 36... Bxd4 $14 37. Rxc6 {Chess con chili.} Rxb3 38. Rxc8 Rxb2 {[#] White must now prevent ...Bxc3.} 39. Rf1 Rxc2 {The position is equal.} 40. Nb5 {[%csl LRc2,LRd4,LRd6]} Rxc8 41. Nxd6+ Ke7 $1 42. Nxc8+ Kd7 $1 43. e5 {Weighted Error Value: White=0.20 (precise) /Black=0.12 (very precise)} 1/2-1/2

[Event "Azerbaijan Championship 2022"]
[Site "Nakhchivan"]
[Date "2022.02.10"]
[Round "6.6"]
[White "Shahaliyev, Ismayil"]
[Black "Hasanzade, Toghrul"]
[Result "1-0"]
[WhiteElo "2380"]
[BlackElo "2292"]
[Annotator "TA"]
[PlyCount "53"]
[EventDate "2022.02.05"]
[EventCountry "AZE"]
[SourceTitle "playchess.com"]
[Source "ChessBase"]
[SourceQuality "1"]

{[%evp 16,53,28,20,38,30,27,9,8,3,6,22,12,1,21,30,55,59,69,69,67,49,72,76,68,75,107,113,182,184,209,181,241,232,507,448,575,571,908,900]} 1. d4 Nf6 2. c4 e6 3. g3 d5 4. Bg2 Be7 5. Nf3 O-O 6. O-O dxc4 7. Qc2 a6 8. a4 $1 {The main line 8.a4 scores better than 8.Qxc4.} Nc6 9. Qxc4 Na5 {E05: Open Catalan: 5 Nf3 Be7.} 10. Qc2 b6 11. Bd2 (11. Ne5 {keeps more tension.} Nd5 12. Bd2 Bb7 13. Rd1 Rc8 14. Bxa5 bxa5 15. Nc3) 11... Bb7 {The position is equal.} 12. Bxa5 bxa5 13. Nbd2 Rc8 14. Nb3 {[#] To avoid c5} c5 $146 (14... Be4 $5 {[%cal Re4c2]} 15. Qc4 Rb8 $11) ({Predecessor:} 14... Bd5 15. Nc5 Bxc5 16. Qxc5 c6 17. Ne5 Bxg2 18. Kxg2 Qd5+ 19. Qxd5 cxd5 20. Rfc1 Rb8 {1-0 (27) Obolenskikh,D (2544)-Liyanage,R (2181) Chess.com INT 2020}) 15. dxc5 Qc7 {[%cal Re7c5]} 16. Rfc1 {[%cal Oc5c6]} Bd5 17. Nfd2 {[%cal Bf3d2,Bd2c4,Bc4a5][%mdl 32]} Rfd8 18. Qc3 Bxg2 19. Kxg2 Rb8 20. Qf3 ({Not} 20. Nxa5 $2 Nd5 21. Qf3 Qxa5 $19) 20... Nd7 {[#]} 21. Nc4 $1 Nxc5 (21... Rdc8 $16 {is a better defense.}) 22. Ncxa5 $18 Rdc8 23. Rc4 {aiming for Rac1.} Qd7 (23... Qd8 {keeps fighting.}) 24. Nd4 {And now Nac6 would win. Pair of Knights!} e5 $2 (24... Rxb2 25. Ndc6 Bf8) 25. Ndc6 {White is clearly winning.} e4 {[#]} 26. Qf5 {[%mdl 512] Black must now prevent Qxd7.} Qd6 {[#]} (26... Bf8 27. Qxd7) 27. Rd1 $3 {[%mdl 512] Weighted Error Value: White=0.03 (flawless) /Black=0.47} 1-0

[Event "Azerbaijan Championship 2022"]
[Site "Nakhchivan"]
[Date "2022.02.10"]
[Round "6.7"]
[White "Ilyasli, Ughur"]
[Black "Eynullayev, Atilla"]
[Result "1-0"]
[WhiteElo "2310"]
[BlackElo "2324"]
[Annotator "ChessBase"]
[PlyCount "124"]
[EventDate "2022.02.05"]
[EventCountry "AZE"]
[SourceTitle "playchess.com"]
[Source "ChessBase"]
[SourceQuality "1"]
[TimeControl "40/5400+30:1800+30"]

1. d4 {[%emt 0:02:30]} Nf6 {[%emt 0:00:12]} 2. c4 {[%emt 0:00:12]} e6 {[%emt 0:00:03]} 3. Nc3 {[%emt 0:03:47]} Bb4 {[%emt 0:00:16]} 4. Nf3 {[%emt 0:00:07]} O-O {[%emt 0:01:40]} 5. Bg5 {[%emt 0:00:03]} c5 {[%emt 0:04:15]} 6. dxc5 {[%emt 0:01:46]} Na6 {[%emt 0:02:04]} 7. Qc2 {[%emt 0:24:45]} Nxc5 {[%emt 0:00:40]} 8. a3 {[%emt 0:01:52]} Bxc3+ {[%emt 0:01:49]} 9. Qxc3 {[%emt 0:00:06]} b6 {[%emt 0:11:46]} 10. Bxf6 {[%emt 0:06:37]} Qxf6 {[%emt 0:00:12]} 11. Qxf6 {[%emt 0:00:16]} gxf6 {[%emt 0:00:05]} 12. b4 {[%emt 0:03:00]} Na4 {[%emt 0:04:45]} 13. Nd4 {[%emt 0:09:24]} Ba6 {[%emt 0:05:06]} 14. e4 {[%emt 0:02:31]} Rfc8 {[%emt 0:09:29]} 15. Rc1 {[%emt 0:01:55]} Nb2 {[%emt 0:07:16]} 16. b5 {[%emt 0:04:06]} Bb7 {[%emt 0:00:10]} 17. Rc2 {[%emt 0:00:25]} Na4 {[%emt 0:00:23]} 18. f3 {[%emt 0:00:23]} a6 {[%emt 0:05:09]} 19. Be2 {[%emt 0:06:06]} axb5 {[%emt 0:08:52]} 20. Nxb5 {[%emt 0:01:44]} Ra5 {[%emt 0:06:00]} 21. Nd6 {[%emt 0:05:11]} Rb8 {[%emt 0:00:54]} 22. O-O {[%emt 0:06:01]} Kf8 {[%emt 0:01:50]} 23. f4 {[%emt 0:04:54]} Ke7 {[%emt 0:00:18]} 24. Nxb7 {[%emt 0:02:34]} Rxb7 {[%emt 0:00:02]} 25. Rf3 {[%emt 0:00:41]} Nc5 {[%emt 0:02:43]} 26. Re3 {[%emt 0:01:26]} Rba7 {[%emt 0:03:33]} 27. Rcc3 {[%emt 0:00:02]} Rc7 {[%emt 0:00:21]} 28. g4 {[%emt 0:01:04]} Nb7 {[%emt 0:03:59]} 29. Rb3 {[%emt 0:01:18]} Rc6 {[%emt 0:03:13]} 30. e5 {[%emt 0:01:03]} fxe5 {[%emt 0:01:09]} 31. fxe5 {[%emt 0:00:32]} Rcc5 {[%emt 0:05:35]} 32. Rxb6 {[%emt 0:00:49]} Rxe5 {[%emt 0:00:15]} 33. Rxe5 {[%emt 0:02:14]} Rxe5 {[%emt 0:00:02]} 34. Kf2 {[%emt 0:01:12]} Nd6 {[%emt 0:00:31]} 35. Rb4 {[%emt 0:00:11]} Ra5 {[%emt 0:03:51]} 36. a4 {[%emt 0:00:12]} Ne4+ {[%emt 0:00:34]} 37. Ke3 {[%emt 0:00:58]} Nc3 {[%emt 0:00:16]} 38. Bd3 {[%emt 0:01:24]} Nxa4 {[%emt 0:00:24]} 39. Bxh7 {[%emt 0:00:28]} Nc5 {[%emt 0:00:32]} 40. h4 {[%emt 0:00:00]} Ra3+ {[%emt 0:00:00]} 41. Kf4 {[%emt 0:13:06]} f5 {[%emt 0:23:19]} 42. Rb5 {[%emt 0:00:24]} Nd3+ {[%emt 0:00:34]} 43. Kg5 {[%emt 0:00:08]} fxg4 {[%emt 0:00:05]} 44. Kxg4 {[%emt 0:03:26]} Nf2+ {[%emt 0:01:28]} 45. Kf4 {[%emt 0:01:15]} Kf6 {[%emt 0:00:25]} 46. Rb6 {[%emt 0:06:54]} Rc3 {[%emt 0:03:07]} 47. c5 {[%emt 0:04:51]} Rxc5 {[%emt 0:07:14]} 48. Kf3 {[%emt 0:00:40]} Nh3 {[%emt 0:01:33]} 49. Rb3 {[%emt 0:01:11]} Rh5 {[%emt 0:01:24]} 50. Bc2 {[%emt 0:03:06]} Rxh4 {[%emt 0:00:07]} 51. Kg3 {[%emt 0:00:16]} Rh8 {[%emt 0:02:51]} 52. Rf3+ {[%emt 0:00:10]} Ke5 {[%emt 0:01:27]} 53. Kg4 {[%emt 0:00:28]} Rc8 {[%emt 0:00:53]} 54. Re3+ {[%emt 0:01:41]} Kf6 {[%emt 0:00:57]} 55. Rf3+ {[%emt 0:00:12]} Ke5 {[%emt 0:01:11]} 56. Re3+ {[%emt 0:00:05]} Kd6 {[%emt 0:00:22]} 57. Bh7 {[%emt 0:03:34]} Ng1 {[%emt 0:00:48]} 58. Re1 {[%emt 0:00:53]} Rh8 {[%emt 0:00:29]} 59. Be4 {[%emt 0:00:11]} Rg8+ {[%emt 0:00:18]} 60. Kh4 {[%emt 0:00:35]} Ke7 {[%emt 0:00:37]} 61. Re3 {[%emt 0:01:14]} Ra8 {[%emt 0:00:49]} 62. Bxa8 {[%emt 0:00:04]} Ke8 1-0